| 000 | 00551nam a2200193Ia 4500 | ||
|---|---|---|---|
| 999 |
_c19940 _d19940 |
||
| 082 | _aTA.0179 | ||
| 100 | _aAchalapathi, K.V. | ||
| 245 | 0 | _aSickness in paper industry in India and the role of BIFR as policy instrument | |
| 250 | _aOsmania University, | ||
| 260 | _c1991 | ||
| 300 | _a392 | ||
| 650 |
_aIndustry and state _vIndia |
||
| 650 | _aBIFR | ||
| 650 | _aBoard for Industrial and Financial Reconstruction | ||
| 650 |
_aPaper industry _vIndia |
||
| 650 |
_aIndustrial sickness _vIndia |
||
| 710 | _aRamakrishna Sarma, K. | ||
| 942 | _cTH | ||